| 000 | 01088nam a22003017a 4500 | ||
|---|---|---|---|
| 999 |
_c387915 _d387915 |
||
| 003 | BLK | ||
| 005 | 20250203162831.0 | ||
| 008 | 181114b bu a|||gr|||| 00| 0 bu d | ||
| 020 | _a9789542723691 | ||
| 040 | _aBLK | ||
| 041 |
_aBUL _cBUL |
||
| 080 |
_aАнглийска литература _b821.111 _x-312.4 _z821.111-312.4 |
||
| 100 |
_9346062 _aКауфман, Ейми _eпърви автор |
||
| 139 |
_aКауфман, Ейми и др. _bК 47 |
||
| 245 |
_aИзгревът на Аврора _bАврора_01 _cЕйми Кауфман, Джей Кристоф; прев. от англ. Милена Илиева. |
||
| 260 |
_9209434 _aСофия _bЕгмонт България _c2020 |
||
| 300 |
_a398 с. _c21 см |
||
| 380 | _aX | ||
| 700 |
_9346063 _aКристоф, Джей _eсъавт. |
||
| 700 | 1 |
_aИлиева, Милена Маринова _972691 |
|
| 942 |
_cKNG _n0 _033 _s1 |
||
| 944 |
_aCR _c2020-09-17 _k30570 _lМоника Янева |
||
| 999 | _d387915 | ||
| 999 | _d326227 | ||
| 999 | _d326227 | ||
| 999 | _d326227 | ||
| 999 | _d326227 | ||